Team Trauma Evaluation and Management (Record no. 105)

000 -LEADER
fixed length control field 00877nam a22002537a 4500
005 - DATE AND TIME OF LATEST TRANSACTION
control field 20210416052243.0
008 - FIXED-LENGTH DATA ELEMENTS--GENERAL INFORMATION
fixed length control field 201110s2009 ||||| |||| 00| 0 eng d
020 ## - INTERNATIONAL STANDARD BOOK NUMBER
International Standard Book Number 9781880696453
040 ## - CATALOGING SOURCE
Original cataloging agency eng
Transcribing agency DLC
041 ## - LANGUAGE CODE
Language code of text/sound track or separate title eng
080 ## - UNIVERSAL DECIMAL CLASSIFICATION NUMBER
Universal Decimal Classification number 617-001
Item number T-83
245 ## - TITLE STATEMENT
Title Team Trauma Evaluation and Management
Remainder of title : Early Care of the Injured Patient, A Program for Medical Students and Multidisciplinary Team Members, Student Manual
Statement of responsibility, etc. / by American College of Surgeons
250 ## - EDITION STATEMENT
Edition statement Third Edition
260 ## - PUBLICATION, DISTRIBUTION, ETC.
Place of publication, distribution, etc. Chicago
Name of publisher, distributor, etc. American College of Surgeons
Date of publication, distribution, etc. 2009
300 ## - PHYSICAL DESCRIPTION
Extent 123 pages
365 ## - TRADE PRICE
Price amount 9.41 usd
650 ## - SUBJECT ADDED ENTRY--TOPICAL TERM
Source of heading or term Traumatology
650 #0 - SUBJECT ADDED ENTRY--TOPICAL TERM
9 (RLIN) 69
Topical term or geographic name entry element Medicine
653 ## - INDEX TERM--UNCONTROLLED
Uncontrolled term ტრავმატოლოგია
653 ## - INDEX TERM--UNCONTROLLED
Uncontrolled term მედიცინა
700 ## - ADDED ENTRY--PERSONAL NAME
9 (RLIN) 35
Personal name TEAM Trauma Evaluation and Management
710 ## - ADDED ENTRY--CORPORATE NAME
9 (RLIN) 36
Corporate name or jurisdiction name as entry element American College of Surgeons
942 ## - ADDED ENTRY ELEMENTS (KOHA)
Source of classification or shelving scheme
Koha item type Books
Edition 3
Holdings
Withdrawn status Lost status Source of classification or shelving scheme Damaged status Not for loan Permanent location Current location Date acquired Inventory number Full call number Barcode Date last seen Price effective from Koha item type Total Checkouts
          Ken Walker International University Ken Walker International University 11/10/2020 19 617-001 T-83 19 11/10/2020 11/10/2020 Books  
          Ken Walker International University Ken Walker International University 11/17/2020 948 617-001 T-83 948 11/17/2020 11/17/2020 Books  

Powered by Koha